• 首页
  • 本馆介绍
  • 公告通知
  • 最新文献
  • 馆藏检索
  • 电子资源
  • 读者导购
  • 参考咨询
  • 我的图书馆
  • 登录
  • 详细信息显示
  • 放入我的书架
  • 预约/预借图书
  • 作者相关作品
  • 分类相关作品
  • 丛书相关作品
  • 出版社相关作品

书目信息

  • 表格格式
  • 工作单格式
  • 卡片格式
题名:
现代西方经济学
    
 
作者: 宋承先 著
分册: 微观经济学  
出版信息: 上海   复旦大学出版社  1999
页数: 492页
开本: 32开
丛书名:
单 册:
中图分类: F016
科图分类:
主题词: 政治经济学--概论
电子资源:
ISBN: 7-309-01873-7
000 00632nam0 2200205 45
001 0111200881
005 20031219104051.7
010    @a7-309-01873-7@dCNY18.00
100    @a20011120d1999 km y0chiy0120 ea
101 0  @achi
105    @a z 000yy
200 1  @a现代西方经济学@h微观经济学@AXian Dai Xi Fang Jing Ji Xue@AXian Dai Xi Fang Jing Ji Xue(Wei Guan Jing Ji Xue)@f宋承先著@FSong Cheng Xian Zhu
205    @a2版
210    @a上海@c复旦大学出版社@d1999
215    @a492页@d32开
606 0  @a政治经济学@x概论
690    @aF016@v4
701    @a宋承先@4著
801    @aCN@bTSTC@c20011120
905    @f5@b301066-070@dF016@e149=2
    
    现代西方经济学.微观经济学/宋承先著.-2版.-上海:复旦大学出版社,1999
    492页;32开
    
    
    ISBN 7-309-01873-7:CNY18.00
    
●
相关链接 在E读中查询图书 在五车中查询图书 在当当中查询图书 在豆瓣中查询图书


正题名:现代西方经济学     索取号:F016/149=2         预约/预借

序号 登录号 条形码 馆藏地/架位号 状态 备注
1 0301066   203010669   第一借阅区/ [索取号:F016/149=2] 在馆    
2 0301067   203010678   密集书库/ [索取号:F016/149=2] 在馆    
3 0301068   203010687   密集书库/ [索取号:F016/149=2] 在馆    
4 0301069   203010696   第一借阅区/ [索取号:F016/149=2] 在馆    
5 0301070   203010703   第一样本阅览室/ [索取号:F016/149=2] 在馆    
唐山师范学院图书馆 欢迎您!
大连网信软件有限公司© 版权所有